| 000 | 00853cam a2200265 a 4500 | ||
|---|---|---|---|
| 001 | 000019527 | ||
| 005 | 20200929170040.0 | ||
| 008 | 750812s1965 sp 001 f spa d | ||
| 035 | _a(OCoLC)1540481 | ||
| 040 |
_aDO-SdBNP _cNNepaSU _dOCoLC _dDLC |
||
| 082 |
_a863.6 _bZ95b, 1965 |
||
| 100 | 1 |
_aZunzunegui, Juan Antonio de, _d1900-1982 _941898 |
|
| 245 | 1 | 3 |
_aEl barco de la muerte / _cJuan Antonio de Zunzunegui. |
| 250 | _a3a ed. | ||
| 260 |
_aMadrid : _bEspasa-Calpe, _c1965. |
||
| 300 |
_a335 p. ; _c18 cm. |
||
| 490 | 1 |
_aAustral. Azul: novelas y cuentos en general _v914 |
|
| 500 | _aIncluye índice de autores. | ||
| 650 | 4 |
_aNovela española _91123 |
|
| 650 | 4 |
_aLiteratura española _9632 |
|
| 830 | 0 |
_aAustral. _pAzul: novelas y cuentos en general; _v914 _922386 |
|
| 910 | _aCatalogación derivada / LC | ||
| 910 | _aWM | ||
| 049 | _aBNGR | ||
| 999 |
_c19043 _d19043 |
||